Cuando el viento desapareció

Gorde:
Xehetasun bibliografikoak
Egile nagusia: Solar, Hernán del (Egilea)
Formatua: Liburua
Hizkuntza:gaztelania
Argitaratua: Santiago Zig-Zag 1994
Edizioa:13a. ed
Saila:Biblioteca juvenil Zig-Zag
Gaiak:
Etiketak: Etiketa erantsi
Etiketarik gabe, Izan zaitez lehena erregistro honi etiketa jartzen!

MARC

LEADER 00000nam a2200000 a 4500
001 UCH4253
003 CL-VaPUC
008 090818e19940000CL |||||||||||||||||spa|d
082 0 4 |a Ch863  |b SOL  |2 21 
100 0 |a Solar, Hernán del  |e author  |9 539721 
245 1 0 |a Cuando el viento desapareció 
246 1 0 |a Mac, el microbio desconocido 
250 |a 13a. ed 
300 |a 174 p 
942 |c BK 
945 |d 20090818 00:00:00  |a lazolas 
260 |a Santiago  |b Zig-Zag  |c 1994 
650 0 |a Cuentos chilenos   |9 308280 
650 0 |a Literatura chilena   |9 308278 
650 0 |a Prosa chilena   |9 267787 
650 0 |a Formas y géneros literarios  |9 324031 
583 |a last modification  |c 20090818 00:00:00  |k Rodrigo Vera 
490 0 |a Biblioteca juvenil Zig-Zag 
999 |c 335587  |d 335585